[Event "34th Chess Olympiad (men)"]
[Site "Istanbul"]
[Date "2000.11.07"]
[Round "10.57.1"]
[White "Rowe, Peter"]
[Black "Ndlovu, Ignatious"]
[WhiteElo "2092"]
[BlackElo "2000"]
[WhiteCountry "GCI"]
[BlackCountry "BOT"]
[Result "0-1"]

1. d4 Nf6 2. Bg5 e6 3. Nd2 c5 4. e3 cxd4 5. exd4 h6 6. Bh4 d5 7. c3 Nc6 
8. Bd3 g5 9. Bg3 h5 10. h3 h4 11. Bh2 Bd6 12. Bxd6 Qxd6 13. Ngf3 Rg8 
14. Qe2 Nh5 15. Bb5 Nf4 16. Qf1 Bd7 17. g3 hxg3 18. fxg3 Nh5 19. Rg1 f6 
20. Qf2 O-O-O 21. O-O-O Kb8 22. Be2 Be8 23. Nb3 a5 24. Bb5 b6 25. h4 g4 
26. Nfd2 Bg6 27. Qe3 a4 28. Bxa4 Nb4 29. cxb4 Qxb4 30. Nb1 Rc8+ 31. Nc3 Qxa4 
32. Qxe6 Qb4 33. Kd2 Be4 34. Rc1 Bf3 35. Kd3 Qc4+ 36. Kd2 Rge8 37. Qxb6+ Ka8 
38. Qa5+ Kb7 39. Nc5+ Kc6 40. Qa4+ Qxa4 41. N5xa4 Rb8 42. Ne2+ Kd6 43. Rce1 Rb4 
44. b3 Bxe2 45. Rxe2 Rxd4+ 46. Ke1 Rc8 47. Kf2 Rd3 48. Rge1 Rf3+ 49. Kg2 Rxg3+ 
50. Kf1 Rf3+ 51. Rf2 Rc2 52. Rxf3 gxf3 
0-1

[Event "34th Chess Olympiad (men)"]
[Site "Istanbul"]
[Date "2000.11.07"]
[Round "10.57.2"]
[White "Molale, Ojentse"]
[Black "Cutter, Paul"]
[WhiteElo "2104"]
[BlackElo "2122"]
[WhiteCountry "BOT"]
[BlackCountry "GCI"]
[Result "1-0"]

1. e4 e5 2. Nf3 d6 3. d4 Nf6 4. dxe5 Nxe4 5. Qd5 Nc5 6. Be3 Be6 7. Qd4 Be7 
8. exd6 cxd6 9. Nc3 O-O 10. Nd5 Bxd5 11. Qxd5 Nc6 12. c3 Ne6 13. Bd3 Bf6 
14. O-O g6 15. Rfd1 Qe7 16. Bf1 Rfd8 17. a4 Nc7 18. Qb3 Ne5 19. Nxe5 Bxe5 
20. g3 h5 21. Bc4 d5 22. Bxd5 Nxd5 23. Rxd5 Rxd5 24. Qxd5 Rd8 25. Qc5 Qe6 
26. Qxa7 Qb3 27. Qb6 Rd1+ 28. Rxd1 Qxd1+ 29. Kg2 Qd5+ 30. f3 f5 31. Qc5 Qe6 
32. Qb6 Qd5 33. Qb5 Qe6 34. Bf2 f4 35. Qxb7 fxg3 36. hxg3 g5 37. Qe4 Qd6 
38. c4 Qb8 39. Qg6+ Bg7 40. Bd4 
1-0

[Event "34th Chess Olympiad (men)"]
[Site "Istanbul"]
[Date "2000.11.07"]
[Round "10.57.3"]
[White "Cummins, John"]
[Black "Samuel, Boipuso"]
[WhiteElo "2000"]
[BlackElo "2117"]
[WhiteCountry "GCI"]
[BlackCountry "BOT"]
[Result "0-1"]

1. e4 c5 2. Nf3 Nc6 3. d4 cxd4 4. Nxd4 g6 5. Be2 Bg7 6. Nb3 Nf6 7. Nc3 O-O 
8. Bg5 h6 9. Be3 a5 10. a4 d6 11. h3 Be6 12. Nd4 Bd7 13. Qd2 Rc8 14. f4 Nxd4 
15. Bxd4 Bc6 16. Bf3 e5 17. fxe5 dxe5 18. Be3 Qe7 19. O-O Qb4 20. Ra3 Rfd8 
21. Qe1 Nxe4 22. Rb3 Qc4 23. Be2 Qe6 24. Nxe4 Bxe4 25. Rb6 Qe7 26. c3 Bc6 
27. Bc4 Bd5 28. Bb5 Bc4 29. Bxc4 Rxc4 30. b3 Re4 31. Qe2 Kh7 32. Qf3 f5 
33. Qg3 Bf6 34. Qf2 Rd3 35. Bc5 Qf7 36. Qc2 Rd5 37. b4 Bd8 38. Rb5 Qd7 
39. bxa5 Rd2 40. Qb3 Ree2 41. Bf2 Rb2 42. Rd1 Qe7 43. Qd5 Rxf2 44. Rxb2 Rxb2 
45. Qxd8 Qxd8 46. Rxd8 Kg7 47. Rb8 Rd2 48. Rxb7+ Kf6 49. a6 Rd5 50. Rb5 Rd7 
51. c4 Rc7 52. a5 Ra7 53. Rb6+ Kg5 54. Kf2 f4 55. c5 e4 56. c6 e3+ 57. Ke2 Kh4 
58. c7 Rxc7 59. Rxg6 h5 60. Kf3 Re7 61. Ke2 Re5 62. Rg7 Rxa5 63. a7 Ra2+ 
64. Kf3 Rf2+ 65. Ke4 e2 66. a8=Q e1=Q+ 67. Kf5 Qb1+ 68. Kf6 Qb6+ 69. Kf5 Qc5+ 
70. Kf6 Qd4+ 71. Kf7 Rd2 72. Qa3 Qd7+ 73. Kg8 Qe6+ 74. Rf7 Rxg2+ 75. Kf8 Qc8+ 
76. Ke7 Re2+ 77. Kf6 Qe6+ 78. Kg7 Rg2+ 79. Kf8 Qh6+ 80. Ke8 Re2+ 81. Re7 Qh8+ 
82. Kd7 Rd2+ 83. Ke6 Qg8+ 84. Rf7 Qg6+ 85. Ke7 Re2+ 86. Kf8 Qh6+ 87. Rg7 Qf6+ 
88. Kg8 Re8+ 89. Kh7 Qf5+ 90. Rg6 Re6 91. Qf8 Qxf8 
0-1

[Event "34th Chess Olympiad (men)"]
[Site "Istanbul"]
[Date "2000.11.07"]
[Round "10.57.4"]
[White "Pitlagano, Tebogo"]
[Black "Manzanilla, Ernesto"]
[WhiteElo "2000"]
[BlackElo "2155"]
[WhiteCountry "BOT"]
[BlackCountry "GCI"]
[Result "1-0"]

1. e4 c5 2. c3 Nc6 3. d4 cxd4 4. cxd4 d6 5. Nf3 g6 6. Be2 Bg7 7. h3 Qb6 
8. d5 Ne5 9. Nc3 Bd7 10. O-O a6 11. Qc2 Rc8 12. Be3 Nxf3+ 13. Bxf3 Qa5 
14. Rfc1 Nf6 15. a4 O-O 16. Qb3 Qc7 17. a5 Qc4 18. Qa3 Qc7 19. Ba7 Nh5 
20. Ne2 Qd8 21. Bb6 Qe8 22. Bxh5 gxh5 23. Nf4 f5 24. exf5 Bxf5 25. Ne6 Bxe6 
26. dxe6 Qg6 27. Qb3 Be5 28. Be3 Qf6 29. Rxc8 Rxc8 30. Qxb7 Qxe6 31. Qxa6 Rc2 
32. Qa8+ Kg7 33. a6 Qb3 34. Qe8 Rxb2 35. Qxe7+ Kg8 36. g3 h4 37. Qxh4 Qb8 
38. Qe4 Rb4 39. Qd5+ Kg7 40. a7 Bxa1 41. axb8=Q Rxb8 42. Bd4+ Bxd4 43. Qxd4+ 
1-0

[Event "34th Chess Olympiad (men)"]
[Site "Istanbul"]
[Date "2000.11.07"]
[Round "10.58.1"]
[White "Luga, Allan"]
[Black "Hawes, Jonathan"]
[WhiteElo "2000"]
[BlackElo "2113"]
[WhiteCountry "PNG"]
[BlackCountry "JCI"]
[Result "0-1"]

1. e4 e6 2. d4 d5 3. e5 b6 4. a3 Ne7 5. Nf3 Ba6 6. Bd3 Qc8 7. O-O Bxd3 
8. Qxd3 Qa6 9. Qd2 c5 10. c3 c4 11. Qc2 Nbc6 12. Bg5 Rc8 13. Nbd2 Na5 
14. Rfb1 h6 15. Bf4 Nec6 16. h3 Be7 17. Rf1 Kd7 18. Rfb1 g5 19. Be3 Rcg8 
20. Nh2 h5 21. f3 f5 22. exf6 Bxf6 23. Rf1 Ne7 24. Rfc1 Nf5 25. Ndf1 Nb3 
26. Re1 Nxa1 27. Rxa1 Qb7 28. Qa4+ b5 29. Qc2 a5 30. b4 axb4 31. axb4 Ra8 
32. Re1 Qa6 33. Qe2 Qa2 34. Bd2 Ra6 35. Ne3 Nxe3 36. Qxe3 Qc2 37. Nf1 Qg6 
38. Qe2 Rg8 39. Nh2 Bd8 40. f4 g4 41. hxg4 hxg4 42. g3 Bc7 43. Kg2 Ra2 
44. Rh1 Rh8 45. Re1 Rg8 46. Kg1 Rb2 47. Kg2 Ra8 48. Kg1 Raa2 49. Nf1 Bd6 
50. Qe3 Rb3 51. Qe2 Rxc3 52. Ne3 Rd3 53. Nxg4 Raxd2 54. Ne5+ Bxe5 
55. Qxe5 Qxg3+ 
0-1

[Event "34th Chess Olympiad (men)"]
[Site "Istanbul"]
[Date "2000.11.07"]
[Round "10.58.2"]
[White "Khan, Mohammed"]
[Black "Press, Shaun"]
[WhiteElo "2197"]
[BlackElo "2000"]
[WhiteCountry "JCI"]
[BlackCountry "PNG"]
[Result "1/2-1/2"]

1. c4 Nf6 2. g3 g6 3. Bg2 Bg7 4. Nc3 d6 5. Nf3 O-O 6. O-O Nbd7 7. d4 e5 
8. e4 c6 9. b3 exd4 10. Nxd4 Qb6 11. Bb2 Nc5 12. h3 Re8 
1/2-1/2

[Event "34th Chess Olympiad (men)"]
[Site "Istanbul"]
[Date "2000.11.07"]
[Round "10.58.3"]
[White "Albis, Jeppers"]
[Black "Boxal, Graham"]
[WhiteElo "2000"]
[BlackElo "2000"]
[WhiteCountry "PNG"]
[BlackCountry "JCI"]
[Result "1/2-1/2"]

1. d4 Nf6 2. c4 g6 3. Nc3 Bg7 4. e4 d6 5. Be3 O-O 6. Bd3 Nc6 7. Nge2 e5 
8. d5 Nb4 9. O-O Nxd3 10. Qxd3 Ng4 11. f3 Nxe3 12. Qxe3 f5 13. b4 f4 
14. Qd3 Bd7 15. a4 a5 16. Rfb1 b6 17. bxa5 Rxa5 18. Nb5 Rf6 19. Rd1 g5 
20. Nc1 Rh6 21. Nb3 Ra8 22. Rd2 g4 23. g3 fxg3 24. hxg3 Bxb5 25. cxb5 Qg5 
26. Raa2 Rf8 27. fxg4 Qxg4 28. Rf2 Rh3 29. Rxf8+ Bxf8 30. Rh2 Rxg3+ 
31. Qxg3 Qxg3+ 32. Rg2 Qxg2+ 33. Kxg2 Kf7 34. Nc1 Kg6 35. Kf3 Be7 36. Ne2 Bh4 
37. Kg4 Be1 38. Ng1 h5+ 39. Kf3 Kg5 40. Nh3+ Kh4 41. Ng1 Bg3 42. Ne2 Bh2 
43. Nc3 Bg1 44. Ne2 Bc5 45. Ng3 Kg5 46. Nf5 h4 47. Ng7 h3 48. Ne6+ Kh4 
49. Nxc5 h2 50. Kg2 h1=Q+ 51. Kxh1 dxc5 52. a5 c4 53. axb6 cxb6 54. d6 c3 
55. d7 
1/2-1/2

[Event "34th Chess Olympiad (men)"]
[Site "Istanbul"]
[Date "2000.11.07"]
[Round "10.58.4"]
[White "Hill, Christopher"]
[Black "Marko, Helmut"]
[WhiteElo "2000"]
[BlackElo "2205"]
[WhiteCountry "JCI"]
[BlackCountry "PNG"]
[Result "1/2-1/2"]

1. e4 d6 2. d4 Nf6 3. Nc3 g6 4. Bg5 Bg7 5. Qd2 c6 6. Bh6 O-O 7. Bxg7 Kxg7 
8. a4 Nbd7 9. Bc4 Nxe4 10. Nxe4 d5 11. Bxd5 cxd5 12. Ng3 Nf6 13. c3 b6 
14. N1e2 Ba6 15. O-O Qd6 16. Rfe1 Rfe8 17. Kh1 e6 18. Ng1 h5 19. Nf3 Rh8 
20. Ne5 h4 21. Nf1 Ne4 22. Qe3 h3 23. g3 Qc7 24. f3 Nd6 25. Nd2 Rae8 26. f4 f6 
27. Nef3 Qc6 28. b4 Nf5 29. b5 Nxe3 30. bxc6 Nc2 31. Rac1 Nxe1 32. Rxe1 Kf7 
33. g4 Ke7 34. g5 fxg5 35. Nxg5 Kf6 36. Ndf3 Bd3 37. Kg1 Bf5 38. Kf2 Rh5 
39. Kg3 Rc8 40. Ne5 Rxg5+ 41. fxg5+ Kxg5 42. Ra1 Kf6 43. Ra2 Ke7 44. Rb2 Kd6 
45. a5 Rb8 46. axb6 Rxb6 47. Ra2 a6 48. Ra3 g5 49. c4 dxc4 50. Nxc4+ Kxc6 
51. Nxb6 Kxb6 52. Rb3+ Ka5 53. Rb2 Ka4 54. Kf2 Ka3 55. Rb6 a5 56. Rb5 Ka4 
57. Rb2 Ka3 58. Rb5 Ka4 59. Rb2 Bd3 60. Kg3 Ka3 61. Rb6 Bc4 62. Kxh3 a4 
63. Kg4 Bb3 64. Kxg5 Kb2 65. h4 a3 66. h5 a2 67. Ra6 Bc4 68. Rxa2+ Bxa2 
69. Kf6 Kc3 70. Ke5 Bb1 71. Kxe6 Kxd4 
1/2-1/2

[Event "34th Chess Olympiad (men)"]
[Site "Istanbul"]
[Date "2000.11.07"]
[Round "10.59.1"]
[White "Faulks, Nick"]
[Black "Tun, Yap"]
[WhiteElo "2025"]
[BlackElo "2000"]
[WhiteCountry "BER"]
[BlackCountry "BRU"]
[Result "1-0"]

1. e4 c6 2. d4 d5 3. e5 Bf5 4. Nc3 e6 5. g4 Bg6 6. h4 h6 7. Nge2 Nd7 8. Nf4 Bh7 
9. Bd3 Bxd3 10. Qxd3 Ne7 11. Be3 Qc7 12. a4 a5 13. Ke2 Ra6 14. Rag1 g6 
15. Rf1 Bg7 16. h5 g5 17. Nh3 Rb6 18. f4 gxf4 19. Rxf4 Rb4 20. Kd2 Rxb2 
21. Rhf1 Rf8 22. Qh7 Qb6 23. Qxg7 Qb3 24. Rc1 Nb6 25. Nf2 Nc4+ 26. Kd3 Qa3 
27. Rf3 Nxe3 28. Rxe3 c5 29. Ke2 cxd4 30. Nxd5 dxe3 31. Nf6+ Kd8 32. Qxf8+ Kc7 
33. Ng8 Qc3 34. Qxe7+ Kb6 35. Qd6+ Ka7 36. Qd3 Qxd3+ 37. Nxd3 Ra2 38. Nxh6 Rxa4 
39. Rh1 Rc4 40. g5 Rxc2+ 41. Kxe3 b5 42. Nxf7 b4 43. h6 
1-0

[Event "34th Chess Olympiad (men)"]
[Site "Istanbul"]
[Date "2000.11.07"]
[Round "10.59.2"]
[White "Yusof, Abdul"]
[Black "Rideout, Dan"]
[WhiteElo "2000"]
[BlackElo "2000"]
[WhiteCountry "BRU"]
[BlackCountry "BER"]
[Result "0-1"]

1. e4 e5 2. Nf3 Nc6 3. Bc4 Bc5 4. O-O Nf6 5. c3 d6 6. d4 exd4 7. cxd4 Bb6 
8. Bg5 h6 9. Bh4 g5 10. Bxg5 hxg5 11. Nxg5 Rf8 12. Qb3 Qe7 13. e5 dxe5 
14. dxe5 Ng4 15. Nf3 Bf5 16. Nc3 O-O-O 17. Nd5 Qc5 18. Nxb6+ Qxb6 
19. Bxf7 Ngxe5 20. Be6+ Kb8 21. Qxb6 axb6 22. Nxe5 Bxe6 23. Rfe1 Nxe5 
24. Rxe5 Bxa2 25. Rae1 Rd2 26. R5e2 Rxe2 27. Rxe2 Bd5 28. h3 Rg8 29. g3 c5 
30. Kh2 b5 31. g4 b4 32. f4 Kc7 33. Kg3 b5 34. h4 c4 35. f5 b3 36. f6 b4 
37. g5 c3 38. f7 Rf8 39. g6 c2 40. Re1 Bxf7 41. gxf7 Rxf7 42. h5 Rd7 43. h6 Rd1 
44. h7 c1=Q 45. h8=Q Qg5+ 46. Kf2 Qf4+ 
0-1

[Event "34th Chess Olympiad (men)"]
[Site "Istanbul"]
[Date "2000.11.07"]
[Round "10.59.3"]
[White "Miller, Bobby"]
[Black "Voon Choon, Leong"]
[WhiteElo "2000"]
[BlackElo "2000"]
[WhiteCountry "BER"]
[BlackCountry "BRU"]
[Result "0-1"]

1. e4 d6 2. d4 Nf6 3. Nc3 g6 4. Bc4 Bg7 5. Nf3 c5 6. e5 dxe5 7. dxe5 Qxd1+ 
8. Kxd1 Ng4 9. Be3 Nxe3+ 10. fxe3 O-O 11. Nd5 Rd8 12. Ke2 Nc6 13. h3 Bf5 
14. c3 e6 15. Nf6+ Kh8 16. e4 Bxf6 17. exf5 Nxe5 18. Nxe5 Bxe5 19. fxe6 fxe6 
20. Bxe6 Re8 21. Bd5 Bxc3+ 22. Kf3 Rf8+ 23. Kg3 Be5+ 24. Kg4 Rf4+ 25. Kg5 Kg7 
26. g4 h6+ 27. Kh4 Rd8 28. Bxb7 Rd3 
0-1

[Event "34th Chess Olympiad (men)"]
[Site "Istanbul"]
[Date "2000.11.07"]
[Round "10.59.4"]
[White "Dollah, Zaidi"]
[Black "Ebbin, Larry"]
[WhiteElo "2000"]
[BlackElo "2000"]
[WhiteCountry "BRU"]
[BlackCountry "BER"]
[Result "1-0"]

1. d4 d5 2. c4 e6 3. Nc3 c5 4. cxd5 cxd4 5. Qa4+ Bd7 6. Qxd4 exd5 7. Nxd5 Nc6 
8. Qd1 Be6 9. e4 Nf6 10. Nxf6+ Qxf6 11. a3 Bc5 12. Nf3 Ne5 13. Bb5+ Nc6 
14. Qc2 Qe7 15. O-O O-O 16. b4 Bb6 17. Bb2 Rac8 18. Qe2 Bg4 19. Rad1 Bxf3 
20. Qxf3 Qg5 21. Rd5 Qe7 22. Qg4 g6 23. Rfd1 Rcd8 24. Bc3 Rxd5 25. exd5 Ne5 
26. Qf4 Bc7 27. Qd4 Qd6 28. Kh1 f6 29. g3 Bb6 30. Qf4 a6 31. Ba4 g5 32. Qf5 Rd8 
33. Bb3 Kg7 34. f4 gxf4 35. gxf4 Ng6 36. Rf1 Rf8 37. h4 Nxh4 38. Qg4+ Ng6 
39. f5 Bc7 40. Rf2 Qg3 41. Qxg3 Bxg3 42. Rg2 Be5 43. Bxe5 fxe5 44. Bc2 Rd8 
45. fxg6 h6 46. Be4 Rd6 47. Rc2 Rd7 48. Kg2 Kf6 49. Kg3 Kg5 50. Rc5 h5 
51. Rc8 h4+ 52. Kh3 Kf4 53. Rc4 Kg5 54. Rc1 Kf4 55. Re1 Kg5 56. Rg1+ Kf4 
57. Rg4+ Ke3 58. Kxh4 Rc7 59. Kg5 Rc4 60. g7 Rxe4 61. Rxe4+ Kxe4 62. g8=Q Ke3 
63. d6 
1-0

[Event "34th Chess Olympiad (men)"]
[Site "Istanbul"]
[Date "2000.11.07"]
[Round "10.60.1"]
[White "Battin, Richard"]
[Black "Carrera, Alhan"]
[WhiteElo "2020"]
[BlackElo "2135"]
[WhiteCountry "SEY"]
[BlackCountry "PAN"]
[Result "0-1"]

1. e4 c5 2. Nf3 Nc6 3. d4 cxd4 4. Nxd4 g6 5. Be2 Bg7 6. Be3 Nf6 7. Nc3 O-O 
8. O-O a6 9. Rb1 Qc7 10. Bd3 d6 11. Nde2 e5 12. a3 Be6 13. Qe1 Rac8 14. f4 Ng4 
15. Bd2 Qb6+ 16. Kh1 exf4 17. Nxf4 Bd4 18. h3 Nf2+ 19. Kh2 Ne5 20. Nfd5 Qa7 
21. Ne7+ Kg7 22. Nxc8 Rxc8 23. Be2 f5 24. Qc1 Nf7 25. Bf3 b5 26. Ne2 Bb6 
27. Bc3+ Kg8 28. exf5 Bc4 29. fxg6 hxg6 30. Qf4 d5 31. Qf6 Qc7+ 32. Ng3 d4 
33. Qxg6+ Kh8 34. Rxf2 dxc3 35. Be4 Ne5 36. Qh6+ Kg8 37. Rf5 Nf7 38. Rh5 
0-1

[Event "34th Chess Olympiad (men)"]
[Site "Istanbul"]
[Date "2000.11.07"]
[Round "10.60.2"]
[White "Cedeno, Ahmed"]
[Black "Renaud, Kenny"]
[WhiteElo "2095"]
[BlackElo "2000"]
[WhiteCountry "PAN"]
[BlackCountry "SEY"]
[Result "1-0"]

1. e4 c5 2. Nf3 Nc6 3. d4 cxd4 4. Nxd4 e6 5. Nc3 Bc5 6. Nb3 Bb6 7. Be2 Nge7 
8. Bg5 a6 9. O-O O-O 10. Qd2 Qc7 11. Bf4 Qd8 12. Bd6 f5 13. exf5 Rxf5 
14. Bd3 Rf7 15. Nc5 Nf5 16. Bxf5 Rxf5 17. N5e4 Ne5 18. Qe2 Nf7 19. Rad1 Bc7 
20. Rd3 Nxd6 21. Nxd6 Rf6 22. Nce4 Rg6 23. Rfd1 b6 24. Qf3 Rb8 25. Qf7+ Kh8 
26. Ne8 Bxh2+ 27. Kf1 
1-0

[Event "34th Chess Olympiad (men)"]
[Site "Istanbul"]
[Date "2000.11.07"]
[Round "10.60.3"]
[White "Kimende, Ralph"]
[Black "Gardellini, Arnulfo"]
[WhiteElo "2202"]
[BlackElo "2000"]
[WhiteCountry "SEY"]
[BlackCountry "PAN"]
[Result "0-1"]

1. e4 c5 2. c3 Nf6 3. e5 Nd5 4. g3 d6 5. exd6 exd6 6. Bg2 Nf6 7. d4 cxd4 
8. cxd4 Nc6 9. h3 Be7 10. Ne2 O-O 11. Nbc3 Re8 12. O-O Bf5 13. a3 Rc8 
14. g4 Bg6 15. Nf4 d5 16. Ncxd5 Be4 17. Nxf6+ Bxf6 18. d5 Nd4 19. Bxe4 Rxe4 
20. f3 Rxc1 21. Qxc1 Rxf4 22. Kg2 g5 23. Qd1 Qxd5 24. Rc1 h5 25. Rc8+ Kg7 
26. gxh5 Qe6 27. h6+ Kxh6 28. Rg8 Nf5 29. Re1 Ne3+ 30. Rxe3 Qxe3 31. Qd5 Qe2+ 
32. Kg3 Be5 33. Rh8+ Bxh8 34. h4 Rxf3+ 
0-1

[Event "34th Chess Olympiad (men)"]
[Site "Istanbul"]
[Date "2000.11.07"]
[Round "10.60.4"]
[White "Miranda, Adrian"]
[Black "Payet, Amelie"]
[WhiteElo "2000"]
[BlackElo "2010"]
[WhiteCountry "PAN"]
[BlackCountry "SEY"]
[Result "1-0"]

1. e4 c6 2. d4 d5 3. exd5 cxd5 4. Bd3 Nc6 5. c3 Nf6 6. Bf4 Bg4 7. Qb3 Na5 
8. Qa4+ Bd7 9. Qc2 e6 10. Nf3 Qb6 11. O-O Bb5 12. Ne5 Bxd3 13. Qxd3 Be7 
14. Nd2 O-O 15. b3 Nc6 16. Ndf3 Nxe5 17. Nxe5 Rfd8 18. Rac1 Rac8 19. Rfe1 Qa5 
20. Qh3 Qxa2 21. Nxf7 Kxf7 22. Qxe6+ Kg6 23. Re5 h6 24. Qf5+ Kf7 25. Qe6+ Kg6 
26. Qf5+ Kf7 27. Rce1 Bd6 28. Re6 Bf8 29. Be5 Rc6 30. Bxf6 gxf6 31. Qh7+ 
1-0

[Event "34th Chess Olympiad (men)"]
[Site "Istanbul"]
[Date "2000.11.07"]
[Round "10.61.1"]
[White "Murasira, Albert"]
[Black "Li Ying, Denis"]
[WhiteElo "2000"]
[BlackElo "2090"]
[WhiteCountry "RWA"]
[BlackCountry "MRI"]
[Result "0-1"]

1. e4 e6 2. d4 d5 3. e5 c5 4. Nf3 Nc6 5. Bb5 Bd7 6. c3 Nxe5 7. Bxd7+ Nxd7 
8. O-O Ngf6 9. Ne5 cxd4 10. Nxd7 Qxd7 11. Qxd4 Be7 12. Qd3 O-O 13. f4 Ng4 
14. Qg3 f5 15. h3 Nf6 16. Nd2 Bc5+ 17. Kh1 Rad8 18. Nf3 Ne4 19. Qe1 Qe8 
20. Be3 Bxe3 21. Qxe3 Ng3+ 22. Kh2 Nxf1+ 23. Rxf1 b6 24. Re1 Rf6 25. g4 fxg4 
26. hxg4 Qf8 27. Kg3 Qc5 28. Nd4 Re8 29. Qe5 Qc8 30. Rh1 Ref8 31. f5 exf5 
32. Nxf5 Qb8 33. Qxb8 Rxb8 34. Ne7+ Kh8 35. Nxd5 Rd6 36. Nb4 a5 37. Nc2 Rd2 
38. Rc1 Rbd8 39. Kf4 Rd1 40. Rxd1 Rxd1 41. Na3 Rf1+ 42. Kg3 Ra1 43. Nc4 Rxa2 
44. Kf3 b5 45. Nd6 Rxb2 46. c4 b4 47. Ke3 Rc2 48. Kd3 b3 49. Nb7 Rc1 
50. Nxa5 b2 
0-1

[Event "34th Chess Olympiad (men)"]
[Site "Istanbul"]
[Date "2000.11.07"]
[Round "10.61.2"]
[White "Chinasamy, Devarajen"]
[Black "Minani, Froduald"]
[WhiteElo "2020"]
[BlackElo "2000"]
[WhiteCountry "MRI"]
[BlackCountry "RWA"]
[Result "1-0"]

1. e4 e6 2. d4 d5 3. Nc3 Bb4 4. e5 Nc6 5. Nf3 h6 6. Bd3 Ba5 7. Bd2 Bb6 
8. Ne2 a6 9. c3 Bd7 10. Ng3 g6 11. a4 Nge7 12. b4 Nf5 13. Bxf5 exf5 14. Qc1 Be6 
15. Bxh6 Ne7 16. Bg7 Rg8 17. Bf6 Kd7 18. O-O Qe8 19. Ng5 c6 20. Ne2 Bd8 
21. Nh7 Kc7 22. Qb2 Nc8 23. a5 Na7 24. Nc1 Rc8 25. Nd3 Be7 26. Nc5 Bxc5 
27. bxc5 Nb5 28. Qd2 Kb8 29. Rfc1 Rc7 30. Qh6 Qc8 31. Qg5 Ka8 32. Qe3 Qb8 
33. Ng5 Rd7 34. Nf3 Nc7 35. h3 Ne8 36. Rc2 Nxf6 37. exf6 Qd8 38. Qe5 g5 
39. Nd2 Rg6 40. Nf3 g4 41. Nh4 Rxf6 42. hxg4 fxg4 43. g3 Rh6 44. Re2 Ka7 
45. Qf4 Rh5 46. Re5 Rxe5 47. Qxe5 Re7 48. Qf4 Bc8 49. Ng2 Re8 50. Ne3 Re4 
51. Qg5 Qf8 52. Qf6 Re6 53. Qf4 Rg6 54. c4 Be6 55. cxd5 Bxd5 56. Nxd5 cxd5 
57. Rb1 Qe7 58. Rb6 Re6 59. Qxg4 Re1+ 60. Kg2 Rc1 61. Qf4 Rc4 62. Kh2 Rc2 
63. Rf6 Qe4 64. Rxf7 Qxf4 65. Rxf4 Rc4 66. g4 Ra4 67. g5 Rxa5 68. g6 
1-0

[Event "34th Chess Olympiad (men)"]
[Site "Istanbul"]
[Date "2000.11.07"]
[Round "10.61.3"]
[White "Mutabazi, Fidele"]
[Black "Seegolam, Pradeep"]
[WhiteElo "2000"]
[BlackElo "2000"]
[WhiteCountry "RWA"]
[BlackCountry "MRI"]
[Result "0-1"]

1. e4 e5 2. c3 Nf6 3. Qc2 c5 4. Nf3 Nc6 5. Bc4 Be7 6. a3 O-O 7. d3 h6 8. O-O d6 
9. Ne1 Be6 10. Qb3 Na5 11. Qa2 Nxc4 12. dxc4 Nxe4 13. Nd3 b5 14. b3 bxc4 
15. bxc4 Rb8 16. f3 Nf6 17. Re1 Nd7 18. f4 f6 19. Nd2 Nb6 20. a4 a5 21. Rb1 Qc7 
22. fxe5 fxe5 23. Nf2 Bh4 24. Re2 Qf7 25. g3 Qg6 26. Nfe4 Be7 27. Rb5 Qg4 
28. Re1 Qg6 29. Qb1 Nd7 30. Qd3 Rxb5 31. cxb5 d5 32. Nf2 e4 33. Qe2 c4 
34. Nf1 Ne5 35. Kg2 Nd3 36. Nxd3 cxd3 37. Qe3 Bd8 38. Qa7 Qh5 39. Re3 Qh3+ 
0-1

[Event "34th Chess Olympiad (men)"]
[Site "Istanbul"]
[Date "2000.11.07"]
[Round "10.61.4"]
[White "Marie, Patrik"]
[Black "Uwihoreye, Charles"]
[WhiteElo "2000"]
[BlackElo "2000"]
[WhiteCountry "MRI"]
[BlackCountry "RWA"]
[Result "1-0"]

1. e4 Nc6 2. d4 e6 3. c4 d6 4. Nf3 Be7 5. Be2 Nf6 6. Nc3 e5 7. d5 Nb8 8. h3 c5 
9. O-O Bd7 10. Nh2 h6 11. f4 Qb6 12. fxe5 dxe5 13. Ng4 Na6 14. Nxe5 Rf8 
15. Nxd7 Nxd7 16. Na4 Qg6 17. Bh5 Qxe4 18. Re1 Qd4+ 19. Qxd4 cxd4 20. d6 O-O-O 
21. dxe7 Rde8 22. exf8=Q Rxf8 23. Bf4 Nf6 24. Bf3 Rd8 25. Rad1 b6 26. Re7 Rd7 
27. Rxd7 Nxd7 28. Bg4 Nab8 29. Bxb8 Kxb8 30. Bxd7 
1-0

[Event "34th Chess Olympiad (men)"]
[Site "Istanbul"]
[Date "2000.11.07"]
[Round "10.62.1"]
[White "Allen, Daryl"]
[Black "Mueller, Leonhard"]
[WhiteElo "2000"]
[BlackElo "2249"]
[WhiteCountry "ISV"]
[BlackCountry "NAM"]
[Result "1/2-1/2"]

1. e4 c5 2. Nf3 d6 3. Bc4 Nf6 4. Nc3 g6 5. d4 cxd4 6. Nxd4 Bg7 7. O-O O-O 
8. h3 a6 9. a4 Nc6 10. Nxc6 bxc6 11. Qe2 a5 12. Rb1 e6 13. Bg5 h6 14. Bh4 d5 
15. Bd3 Qb6 16. Kh1 Bb7 17. f4 c5 18. e5 Nd7 19. Bb5 Nb8 20. Be7 Rc8 
21. Rfe1 Nc6 22. Bxc6 Qxc6 23. Bd6 Ba6 24. Qf3 Bb7 25. Qe2 Ra6 26. Nb5 Rb6 
27. b3 Ra6 28. c4 d4 29. Rb2 Raa8 30. Qd3 Bf8 31. Ra2 Bxd6 32. Nxd6 Rcb8 
33. Ne4 Rf8 34. Kh2 
1/2-1/2

[Event "34th Chess Olympiad (men)"]
[Site "Istanbul"]
[Date "2000.11.07"]
[Round "10.62.2"]
[White "Leicher, Helmuth"]
[Black "Carty, Leo"]
[WhiteElo "2000"]
[BlackElo "2000"]
[WhiteCountry "NAM"]
[BlackCountry "ISV"]
[Result "1-0"]

1. e4 c5 2. Nf3 d6 3. d4 cxd4 4. Nxd4 Nf6 5. Nc3 e6 6. Be3 a6 7. Be2 Be7 
8. O-O Bd7 9. f4 Nc6 10. Bf3 O-O 11. Qd2 Qc7 12. Kh1 Rac8 13. Nb3 h6 
14. Qf2 Qb8 15. a4 Ne8 16. g4 f6 17. a5 g5 18. h4 Rf7 19. hxg5 fxg5 20. Qh2 Rh7 
21. Kg2 Nf6 22. Rh1 Kg7 23. Qg3 Rch8 24. fxg5 hxg5 25. Bxg5 Rxh1 26. Rxh1 Rxh1 
27. Kxh1 Qh8+ 28. Kg2 Qf8 29. Bf4 Kg6 30. g5 Nh7 31. Qh4 Be8 32. Bh5+ Kg7 
33. Bxe8 Qxe8 34. Qh6+ Kg8 35. Qxe6+ Kg7 36. Qh6+ Kg8 37. Kg3 
1-0

[Event "34th Chess Olympiad (men)"]
[Site "Istanbul"]
[Date "2000.11.07"]
[Round "10.62.3"]
[White "Jackson, Francis"]
[Black "Nakapunda, Otto"]
[WhiteElo "2000"]
[BlackElo "2157"]
[WhiteCountry "ISV"]
[BlackCountry "NAM"]
[Result "0-1"]

1. e4 d5 2. e5 Bf5 3. d4 e6 4. Nf3 c5 5. c3 Nc6 6. Bd3 Bxd3 7. Qxd3 Rc8 
8. Be3 Qb6 9. b3 cxd4 10. Bxd4 Bc5 11. O-O Bxd4 12. cxd4 Nb4 13. Qd2 Ne7 
14. Nc3 Nbc6 15. Rac1 Qb4 16. Qd3 a6 17. Rfd1 Ng6 18. Qe3 Qe7 19. Na4 O-O 
20. Nc5 Nb4 21. a3 Nc6 22. b4 Nb8 23. Nd3 Nd7 24. Rxc8 Rxc8 25. Rc1 Qd8 
26. h3 b6 27. Qg5 Qe8 28. h4 h6 29. Qe3 Rc4 30. Rxc4 dxc4 31. Nb2 b5 32. h5 Ne7 
33. Nd1 Nd5 34. Qd2 N7b6 35. Nc3 Nxc3 36. Qxc3 Qa8 37. Ne1 Qe4 38. f3 Qe2 
39. Kh2 Qd1 40. Qe3 Nd5 41. Qe4 Qb3 42. Nc2 Qd3 43. Kg3 Nc3 44. Qa8+ Kh7 
45. Qxa6 Qxc2 46. Qb7 Qf5 47. Kf2 Qxh5 48. Qd7 Qh4+ 49. Kf1 Kg6 50. Kg1 Qe1+ 
51. Kh2 Ne2 52. Qe7 Qg1+ 53. Kh3 Qh1+ 
0-1

[Event "34th Chess Olympiad (men)"]
[Site "Istanbul"]
[Date "2000.11.07"]
[Round "10.62.4"]
[White "Oberholzer, Rex"]
[Black "Friedman, Brian"]
[WhiteElo "2200"]
[BlackElo "2000"]
[WhiteCountry "NAM"]
[BlackCountry "ISV"]
[Result "1-0"]

1. e4 e5 2. Nf3 Nc6 3. Bc4 f6 4. d4 Bb4+ 5. c3 Ba5 6. b4 Bb6 7. b5 Na5 
8. Bxg8 Rxg8 9. dxe5 h6 10. Qd5 Rf8 11. Ba3 Rf7 12. e6 dxe6 13. Qh5 c6 
14. Nbd2 cxb5 15. Qxb5+ Bd7 16. Qd3 Qc7 17. Bd6 Qc6 18. e5 Qd5 19. Qh7 Bb5 
20. Qg8+ Kd7 21. Qxf7+ Kc6 22. Nd4+ Bxd4 23. Qc7# 
1-0

[Event "34th Chess Olympiad (men)"]
[Site "Istanbul"]
[Date "2000.11.07"]
[Round "10.63.1"]
[White "Krylov, Sergey"]
[Black "David, Alberto"]
[WhiteElo "2344"]
[BlackElo "2487"]
[WhiteCountry "IBSA"]
[BlackCountry "LUX"]
[Result "1/2-1/2"]

1. e4 c5 2. Nf3 d6 3. d4 cxd4 4. Nxd4 Nf6 5. Nc3 g6 6. Be3 Bg7 7. f3 O-O 
8. Qd2 Nc6 9. Bc4 Bd7 10. O-O-O Qa5 11. Kb1 Rfc8 12. Bb3 Ne5 13. g4 Rxc3 
14. Qxc3 Qxc3 15. bxc3 Rc8 16. g5 Ne8 17. f4 Nc4 18. Bf2 Na3+ 19. Kb2 Nc4+ 
20. Kb1 Na3+ 21. Kb2 Nc4+ 
1/2-1/2